000 00929nmm a2200289 a 4500
001 ocm0002146515
003 TR-IsHL
005 20201028183131.0
008 190314s2018 tu tur
007 cr cn
020 _a9786058176751
035 _a2146515
_b(N$T)
050 0 4 _aPL248.T395
_bS4 2018
090 0 4 _aPL248.T395
_bS4 2018
100 1 _aTavlı, Murat
245 1 0 _aSepya kardeşliği
_h[electronic resource] /
_cMurat Tavlı ; editör Ufuk Yurdakul
250 _a1. Baskı
260 _aİstanbul :
_bTolstoy Yayınları,
_c2018
300 _a86 p.
650 4 _aDil ve Edebiyat
650 4 _aLanguage and Literature
650 0 _aÇocuk öyküleri, Türk
650 0 _aChildren's stories, Turkish
650 7 _aLITERARY COLLECTIONS / Middle Eastern
_2bisacsh
700 1 _aYurdakul, Ufuk
856 4 0 _uhttp://search.ebscohost.com/login.aspx?direct=true&scope=site&db=e011xww&AN=2146515
999 _c20395
_d20395